MARC

LEADER 00000nam0a2200000 4500
001 310515
005 20231102002308.0
020 |a RU  |b 82-9569 
035 |a (RuTPU)RU\TPU\book\335865 
090 |a 310515 
100 |a 20151126d1982 k y0rusy5003 ca 
101 0 |a rus 
102 |a RU 
105 |a y z 000zy 
200 1 |a Проблемы логики и методологии науки  |e сборник статей  |f Академия наук СССР (АН СССР), Сибирское отделение (СО), Институт истории, филологии и философии ; под ред. В. В. Целищева 
210 |a Новосибирск  |c Наука  |d 1982 
215 |a 335 с. 
606 1 |a Наука  |x Философские проблемы  |x Методология  |x Логика  |2 stltpush  |3 (RuTPU)RU\TPU\subj\45081  |9 64343 
610 1 |a научное познание 
610 1 |a естественные науки 
610 1 |a математика 
610 1 |a логическая семантика 
610 1 |a язык науки 
610 1 |a структура 
610 1 |a социальное познание 
686 |a Ю25  |v LBC/SL-A  |2 rubbk 
702 1 |a Целищев  |b В. В.  |4 340 
712 0 2 |a Академия наук СССР (АН СССР)  |b Сибирское отделение (СО)  |b Институт истории, филологии и философии  |c (Новосибирск)  |2 stltpush  |3 (RuTPU)RU\TPU\col\11501 
801 0 |a RU  |b RuMRKP  |c 19950704  |g psbo 
801 1 |a RU  |b 63413507  |c 20151126 
801 2 |a RU  |b 63413507  |c 20171018  |g RCR 
942 |c BK